[Event "7. Arber-Senioren-Cup 2019"]
[Site "Bodenmais"]
[Date "2019.07.27"]
[Round "1.1"]
[White "Pirrot, Dieter"]
[Black "Schmid, Johann"]
[Result "1-0"]
[WhiteElo "2315"]
[BlackElo "1842"]
[Annotator "TA"]
[PlyCount "35"]
[EventDate "2019.07.27"]
[EventType "swiss"]
[EventCountry "GER"]
[SourceTitle "playchess.com"]
[Source "ChessBase"]
[SourceQuality "1"]

{[%evp 12,35,35,13,50,32,31,18,75,28,40,42,46,46,49,22,86,59,65,62,57,68,623,613,601,594]} 1. e4 e6 2. d4 d5 3. Nd2 Nf6 4. e5 Nfd7 5. Bd3 c5 6. c3 Nc6 7. Ngf3 c4 {C06: French Tarrasch: 3...Nf6 4 e5 Nfd7 5 Bd3 main lines} (7... cxd4 8. cxd4 f6 9. O-O fxe5 10. Nxe5 Ndxe5 11. dxe5 Nxe5 12. Qh5+ Nf7 13. Re1 Bd6 14. Bxh7 g6 15. Qxg6 Qh4 16. Bg8 Qxh2+ {½-½ (27) Kasimdzhanov,R (2691)-Ponomariov,R (2709) Tashkent 2016}) 8. Bb1 b5 9. h4 Be7 (9... h6 $11 {remains equal.}) 10. Nf1 (10. Ng5 $5) 10... h6 11. Ng3 b4 $146 ({Predecessor:} 11... g6 12. Ne2 Qa5 13. Nf4 Nf8 14. Nh2 b4 15. Bd2 bxc3 16. Bxc3 {0-1 (44) Krivanek,V (2078)-Zalsky,P (1976) Prague 2005}) 12. Nh5 Bf8 13. Rh3 Ne7 (13... Qa5 $11) 14. Bc2 g6 15. Nf6+ Nxf6 16. exf6 Nf5 $2 {[%mdl 8192] [#]} (16... Nc6 $14) 17. Ba4+ $18 Bd7 18. Ne5 {Accuracy: White = 35%, Black = 33%.} 1-0

[Event "7. Arber-Senioren-Cup 2019"]
[Site "Bodenmais"]
[Date "2019.07.27"]
[Round "1.2"]
[White "Wolff, Peter"]
[Black "Pribyl, Josef"]
[Result "1/2-1/2"]
[WhiteElo "1915"]
[BlackElo "2234"]
[Annotator "TA"]
[PlyCount "47"]
[EventDate "2019.07.27"]
[EventType "swiss"]
[EventCountry "GER"]
[SourceTitle "playchess.com"]
[Source "ChessBase"]
[SourceQuality "1"]

{[%evp 9,47,21,30,13,6,9,13,10,45,8,16,10,5,11,21,9,34,26,29,30,28,45,102,73,81,60,61,41,29,0,52,43,54,57,110,0,63,0,69,0]} 1. c4 e5 2. g3 Nc6 3. Nc3 Bb4 4. Nd5 Bc5 5. Bg2 Nge7 6. a3 {A25: English Opening vs King's Indian with ...Nc6 but without early d3} (6. Nf3 O-O 7. O-O d6 8. e3 a6 9. b3 Bg4 10. h3 Bh5 11. g4 Bg6 12. d4 exd4 13. exd4 {½-½ (28) Svidler,P (2760)-Nepomniachtchi,I (2751) Moscow 2018}) 6... a5 7. e3 d6 8. Ne2 {The position is equal.} h5 $146 ({Predecessor:} 8... O-O 9. O-O Bg4 10. h3 Nxd5 11. hxg4 Nde7 12. d4 {1-0 (31) Gyurkovics,M (2225)-Repasi,Z (2033) Gyongyos 2003}) 9. h3 Nxd5 10. cxd5 Ne7 11. d4 Bb6 12. Bd2 f6 13. Rc1 Bd7 14. dxe5 fxe5 15. Nc3 c6 (15... Ng8 $14) 16. dxc6 Bxc6 17. Bxc6+ bxc6 18. Ne4 {Strongly threatening Bb4!} Qd7 19. Qb3 Bc7 (19... Rb8 $1 $11) 20. Ng5 $1 $14 d5 21. e4 Rf8 (21... Rb8 $14 22. Qc2 h4) 22. Nh7 (22. Qd1 $16) 22... Rf7 (22... Rh8 $11 23. Ng5 Rb8) 23. Ng5 (23. O-O $14) 23... Rf6 (23... Rf8 $1 $11) 24. Nh7 {Accuracy: White = 41%, Black = 30%.} ({Better is} 24. O-O $14) 1/2-1/2

[Event "7. Arber-Senioren-Cup 2019"]
[Site "Bodenmais"]
[Date "2019.07.27"]
[Round "1.3"]
[White "Blechzin, Igor"]
[Black "Busch, Joerg"]
[Result "1-0"]
[WhiteElo "2221"]
[BlackElo "1851"]
[Annotator "TA"]
[PlyCount "53"]
[EventDate "2019.07.27"]
[EventType "swiss"]
[EventCountry "GER"]
[SourceTitle "playchess.com"]
[Source "ChessBase"]
[SourceQuality "1"]

{[%evp 14,59,20,-21,-25,-19,0,0,0,0,0,0,25,0,24,27,66,65,77,60,72,72,99,104,141,132,129,77,79,81,213,246,471,456,699,261,886,860,975,980,956,958,925,731,883,725,861,841]} 1. c4 c6 2. e4 d5 3. exd5 cxd5 4. d4 Nf6 5. Nc3 e6 6. Nf3 Nc6 7. Bg5 Be7 8. Bd3 dxc4 {B14: Caro-Kann: Panov-Botvinnik Attack with 5...e6 and 5...g6} 9. Bxc4 Nd5 (9... O-O 10. O-O b6 11. Re1 Bb7 12. a3 Rc8 13. Qd3 Nd5 14. Bxd5 Bxg5 15. Be4 g6 16. Rad1 Bf6 17. d5 exd5 18. Bxd5 Bg7 19. Nb5 Ba6 20. Qb3 Qf6 21. Nd6 Na5 22. Qa2 {1-0 (36) Ponkratov,P (2605)-Goganov,A (2564) Serpukhov 2018}) 10. Be3 Nxe3 {The position is equal.} 11. fxe3 O-O 12. O-O a6 13. Rc1 $146 ({Predecessor:} 13. Bb3 g6 14. Ne4 Nb4 15. Rc1 Bd7 {0-1 (24) Molenda,M (1664)-Dymek,L (2092) Klementowice 2011}) 13... Qb6 14. Qe2 Bf6 15. Ne4 Be7 16. a3 Bd7 17. b4 Na7 18. Ne5 Rad8 19. Nc5 Be8 20. Rf3 $36 {[%mdl 2048] Keeping Black busy.} (20. Qg4 $142) 20... Nc6 $16 {Black wants to play ...Nxe5.} 21. Ned3 Na7 (21... e5 $16 {was necessary.}) 22. Rcf1 $18 Bb5 $2 {[#]} (22... Nb5 {was called for.} 23. Qf2 Nc7) 23. Ne5 {[%cal Rf3f7]} Be8 (23... Rd5 $142 24. Rxf7 Rxf7) 24. Qa2 $2 (24. Qf2 Bxc5 25. bxc5) 24... Bf6 $2 (24... Nc6) 25. Ng4 {White is clearly winning.} Bxd4 26. exd4 Rxd4 {[#]} 27. Nh6+ {Played: Bc4xe6} 1-0

[Event "7. Arber-Senioren-Cup 2019"]
[Site "Bodenmais"]
[Date "2019.07.27"]
[Round "1.5"]
[White "Lorenc, Tomas"]
[Black "Bauer, Werner"]
[Result "1-0"]
[WhiteElo "2158"]
[BlackElo "1881"]
[Annotator "TA"]
[PlyCount "61"]
[EventDate "2019.07.27"]
[EventType "swiss"]
[EventCountry "GER"]
[SourceTitle "playchess.com"]
[Source "ChessBase"]
[SourceQuality "1"]

{[%evp 15,61,-28,-11,-42,-23,-44,-29,-38,-25,-34,0,-73,-80,-75,-54,-111,-109,-85,-56,-107,7,0,0,-2,-15,-6,-13,-25,-14,-49,-50,-75,-75,-97,-85,-102,-87,-122,-107,-139,52,47,1069,1069,1748,1598,29985,29986]} 1. c4 c5 2. g3 Nc6 3. Bg2 g6 4. Nc3 Bg7 5. Nf3 Nf6 6. a3 d5 7. cxd5 Nxd5 8. O-O O-O 9. Qc2 {A34: Symmetrical English: 2 Nc3, lines with ...d5} (9. Nxd5 Qxd5 10. d3 Qd7 11. Re1 b6 12. Qa4 Bb7 13. Rb1 Rfd8 14. Qh4 Nd4 15. Nxd4 Bxg2 16. Kxg2 Bf6 17. Bg5 Bxg5 18. Qxg5 cxd4 19. Rec1 Rac8 20. h4 f6 21. Qf4 {½-½ (21) Cordova,E (2566)-Gonzalez Vidal,Y (2545) Havana 2012}) 9... Nxc3 10. bxc3 e5 11. Rd1 $146 {Black has an edge.} ({Predecessor:} 11. Rb1 Bf5 12. e4 Bc8 13. d3 b6 14. Rd1 Bb7 15. Nd2 Qd7 16. Nc4 Rfd8 {1-0 (52) Teglas,B (2255)-Balog,G (2170) Hungary 2015}) 11... h6 12. Rb1 Qe7 13. a4 (13. d3 $11) 13... e4 $17 14. Ne1 Bf5 15. d3 (15. Qb2 $15) 15... exd3 16. exd3 {[#]} c4 $1 {[%mdl 512]} 17. Qa2 {[#]} (17. Qb2 $15) (17. dxc4 Bxc2) 17... Bxc3 ({Black should try} 17... Rfe8 $1 $17 {aiming for ...Qxe1+.} 18. Ba3 Qe6) 18. Ba3 Bb4 19. Bxb4 Nxb4 20. Qxc4 a5 21. Qf4 Kg7 22. g4 Be6 23. Nf3 Rfd8 24. d4 Nd5 25. Qe5+ f6 26. Qe4 Qd7 27. Rdc1 Bxg4 $2 ({Better is} 27... Rac8 $17 28. Rxc8 Rxc8) 28. Nh4 $14 f5 $2 {[%mdl 8192]} (28... Bf5 $14 29. Nxf5+ gxf5) 29. Qe5+ $18 Kg8 30. Nxg6 {Intending Qh8+ and mate.} Qg7 31. Bxd5+ {Accuracy: White = 22%, Black = 25%.} 1-0

[Event "7. Arber-Senioren-Cup 2019"]
[Site "Bodenmais"]
[Date "2019.07.27"]
[Round "1.6"]
[White "Klimpel, Siegfried"]
[Black "Koehler, Gerhard"]
[Result "0-1"]
[WhiteElo "1843"]
[BlackElo "2197"]
[Annotator "TA"]
[PlyCount "39"]
[EventDate "2019.07.27"]
[EventType "swiss"]
[EventCountry "GER"]
[SourceTitle "playchess.com"]
[Source "ChessBase"]
[SourceQuality "1"]

{[%evp 16,39,0,-9,-9,-10,-14,-15,0,-4,0,-3,11,7,12,0,8,0,0,-12,-10,-20,-3,-60,-9,-67]} 1. e4 c5 2. d4 cxd4 3. c3 Nf6 4. e5 Nd5 5. cxd4 e6 6. Bc4 d6 7. Nf3 Nc6 8. O-O Be7 9. Nc3 Nxc3 {B22: Sicilian: 2 c3} 10. bxc3 dxe5 11. dxe5 Qa5 (11... Qxd1 12. Rxd1 Bd7 13. Be3 O-O-O 14. Rab1 h6 15. Bb5 Nxe5 16. Nxe5 Bxb5 17. Nxf7 Rxd1+ 18. Rxd1 {½-½ (29) Mannermaa,J (2495)-Poli,G (2483) ICCF email 2009}) 12. Qe1 (12. Qe2 {with more complications.} O-O 13. Qe4 Rd8 14. Be3 Qxc3 15. Rfc1) 12... Bd7 13. Bd2 Qc5 $146 ({Predecessor:} 13... g5 14. Qe4 g4 15. Qxg4 Nxe5 16. Nxe5 Qxe5 17. Rfe1 Qc7 18. Bb3 O-O-O 19. Bf4 Qc6 20. Qh5 Rdg8 21. g3 Rg7 22. Qe5 {1-0 (23) Kubicki,M (2124)-Hetman,R (2087) Torun 2002}) 14. Bd3 Na5 15. Be3 Qc7 16. Bd4 Bc6 17. Qe2 O-O 18. Nd2 Bd5 19. h4 (19. f4 $11) 19... Rac8 (19... Nc6 $15) 20. Rfe1 {Accuracy: White = 30%, Black = 38%.} (20. f4 $11) 0-1

[Event "7. Arber-Senioren-Cup 2019"]
[Site "Bodenmais"]
[Date "2019.07.27"]
[Round "1.7"]
[White "Glaessl, Matthias"]
[Black "Braeu, Ludwig"]
[Result "1-0"]
[WhiteElo "2148"]
[BlackElo "1818"]
[Annotator "TA"]
[PlyCount "90"]
[EventDate "2019.07.27"]
[EventType "swiss"]
[EventCountry "GER"]
[SourceTitle "playchess.com"]
[Source "ChessBase"]
[SourceQuality "1"]

{[%evp 20,90,-36,-82,-68,-54,15,12,9,-13,20,21,18,8,8,5,14,7,9,0,8,0,0,0,0,0,0,0,0,0,0,0,29,21,72,78,85,83,85,58,85,85,85,57,6299,6191,6029,5656,6235,6287,5875,5304,29965,29959,29968,29969,29967,29970,29971,29972,29972,29973,29973,29974,29975,29976,29976,29977,29977,29977,29977,29978,29995]} 1. e4 c5 2. Nf3 Nc6 3. d4 cxd4 4. Nxd4 g6 5. Be3 Nf6 6. Nc3 Bg7 7. Be2 O-O 8. Qd2 d5 9. exd5 Nxd5 10. Nxd5 Nxd4 11. Bxd4 Qxd5 {[%mdl 64] [#] Double Attack. B34: Sicilian: Accelerated Dragon with 5 Nc3: sidelines} 12. Bxg7 Qxd2+ (12... Qxg2 $15 13. O-O-O Kxg7) (12... Qxg2 13. Qd4 e5 14. Qxe5 Qxh1+ 15. Kd2 Rd8+ 16. Bd3 Qd5 17. Qf6 Rd6 {0-1 (17) Fogarasi,T (2367)-Delchev,A (2620) Bayern 2011}) 13. Kxd2 $11 Kxg7 {The position is equal.} 14. Bd3 Bf5 $146 ({Predecessor:} 14... Be6 15. Rae1 Rfd8 16. b3 Rac8 17. f4 Rd4 18. Rhf1 Kf6 19. h3 {½-½ (55) Belokopyt,B (1942)-Karason,A (2220) Opatija 2013}) 15. Bxf5 gxf5 {[%mdl 4096] Endgame KRR-KRR} 16. Rad1 e5 17. Ke2 Rfd8 18. c3 Kf6 19. Rhg1 h5 20. g3 Rac8 21. Rge1 Ke6 22. Rxd8 Rxd8 {KR-KR} 23. Rc1 b5 24. Ra1 Rd6 25. a3 Kd5 26. a4 bxa4 (26... Ra6 $11) 27. Rxa4 $16 a6 28. Ra5+ Ke6 29. Rc5 f6 30. b4 Kd7 31. Rc4 (31. Ra5 {keeps more tension.} Ke7 32. h4 Kf7 33. Ra1 Ke7 34. Rd1) 31... Rc6 $2 {[%mdl 8192]} (31... Rd5 $14) 32. Rxc6 $18 Kxc6 {KP-KP} 33. c4 Kb6 34. Kd3 Kc6 35. Kc3 Kb6 36. h4 {White mates.} a5 37. bxa5+ Kxa5 38. Kb3 Kb6 39. Kb4 Kc6 40. c5 Kc7 41. Kb5 Kb7 {[#]} 42. c6+ $1 Kc7 43. Kc5 Kc8 44. Kd6 Kd8 45. Ke6 Ke8 {Accuracy: White = 64%, Black = 25%.} 1-0

[Event "7. Arber-Senioren-Cup 2019"]
[Site "Bodenmais"]
[Date "2019.07.27"]
[Round "1.8"]
[White "Zwetz, Anita"]
[Black "Herbold, Manfred"]
[Result "0-1"]
[WhiteElo "1828"]
[BlackElo "2081"]
[Annotator "NA RC"]
[PlyCount "108"]
[EventDate "2019.07.27"]
[EventType "swiss"]
[EventCountry "GER"]
[SourceTitle "playchess.com"]
[Source "ChessBase"]
[SourceQuality "1"]
[TimeControl "5400+30"]

1. d4 {[%emt 0:00:00]} g6 {[%emt 0:00:00]} 2. Nf3 {[%emt 0:00:00]} Bg7 {[%emt 0:00:00]} 3. Bg5 {[%emt 0:00:00]} c5 {[%emt 0:00:00]} 4. e3 {[%emt 0:00:00]} Qb6 {[%emt 0:00:00]} 5. Nc3 {[%emt 0:00:00]} Nf6 {[%emt 0:00:00]} 6. Bxf6 {[%emt 0:00:00]} Qxf6 {[%emt 0:00:00]} 7. Nd5 {[%emt 0:00:00]} Qd6 {[%emt 0:00:00]} 8. dxc5 {[%emt 0:00:00]} Qxc5 {[%emt 0:00:00]} 9. c3 {[%emt 0:00:00]} e6 {[%emt 0:00:00]} 10. Nf4 {[%emt 0:00:00]} d5 {[%emt 0:00:00]} 11. Be2 {[%emt 0:00:00]} Nd7 {[%emt 0:00:00]} 12. h4 {[%emt 0:00:00]} h6 {[%emt 0:00:00]} 13. Qc2 {[%emt 0:00:00]} e5 {[%emt 0:00:00]} 14. Nh3 {[%emt 0:00:00]} Nb6 {[%emt 0:00:00]} 15. Nd2 {[%emt 0:03:34]} Be6 {[%emt 0:00:00]} 16. Nb3 {[%emt 0:01:07]} Qc7 {[%emt 0:00:00]} 17. Bb5+ {[%emt 0:05:34]} Nd7 {[%emt 0:00:00]} 18. O-O-O {[%emt 0:02:53]} O-O-O {[%emt 0:00:00]} 19. f3 {[%emt 0:03:58]} a6 {[%emt 0:00:00]} 20. Be2 {[%emt 0:00:16]} Qb6 {[%emt 0:00:00]} 21. e4 {[%emt 0:04:31]} dxe4 {[%emt 0:00:35]} 22. fxe4 {[%emt 0:00:33]} Kb8 {[%emt 0:03:17]} 23. Bf3 {[%emt 0:02:42]} Rc8 {[%emt 0:03:38]} 24. Nf2 {[%emt 0:07:52]} h5 {[%emt 0:06:34]} 25. Kb1 {[%emt 0:01:07]} a5 {[%emt 0:00:50]} 26. Nd3 {[%emt 0:01:16]} Rc7 {[%emt 0:02:23]} 27. Ka1 {[%emt 0:02:24]} Rhc8 {[%emt 0:00:26]} 28. Rb1 {[%emt 0:01:49]} Bf8 {[%emt 0:01:04]} 29. Nd2 {[%emt 0:00:20]} Qa6 {[%emt 0:02:05]} 30. Rhd1 {[%emt 0:01:15]} a4 {[%emt 0:00:58]} 31. Be2 {[%emt 0:14:53]} Qa5 {[%emt 0:00:35]} 32. Rbc1 {[%emt 0:04:47]} f6 {[%emt 0:22:40]} 33. Rf1 {[%emt 0:00:24]} Be7 {[%emt 0:00:47]} 34. Nb1 {[%emt 0:01:46]} Nb6 {[%emt 0:00:34]} 35. Bd1 {[%emt 0:02:12]} Bb3 {[%emt 0:05:16]} 36. Qe2 {[%emt 0:00:20]} Bc4 {[%emt 0:00:15]} 37. Bc2 {[%emt 0:00:44]} Bb5 {[%emt 0:04:12]} 38. Rf3 {[%emt 0:03:44]} Nc4 {[%emt 0:01:02]} 39. Qe1 {[%emt 0:01:00]} Bc6 {[%emt 0:02:33]} 40. Nb4 {[%emt 0:01:06]} Qb6 {[%emt 0:00:50]} 41. b3 {[%emt 0:03:07]} Na5 {[%emt 0:03:28]} 42. Nxc6+ {[%emt 0:05:29]} Qxc6 {[%emt 0:03:01]} 43. bxa4 {[%emt 0:00:50]} Nc4 {[%emt 0:00:45]} 44. Bb3 {[%emt 0:00:24]} Nd6 {[%emt 0:00:26]} 45. Nd2 {[%emt 0:00:33]} f5 {[%emt 0:01:14]} 46. exf5 {[%emt 0:01:05]} e4 {[%emt 0:00:17]} 47. Re3 {[%emt 0:01:35]} gxf5 {[%emt 0:00:13]} 48. Qg3 {[%emt 0:01:51]} Qc5 {[%emt 0:02:11]} 49. Ree1 {[%emt 0:00:25]} Bf6 {[%emt 0:00:18]} 50. Nb1 {[%emt 0:00:21]} Be5 {[%emt 0:01:42]} 51. Qg5 {[%emt 0:00:41]} Qa5 {[%emt 0:01:53]} 52. Qd2 {[%emt 0:00:38]} Rxc3 {[%emt 0:00:38]} 53. Nxc3 {[%emt 0:01:46]} Rxc3 {[%emt 0:00:10]} 54. Kb1 {[%emt 0:00:48]} Rxb3+ {[%emt 0:00:08]} 0-1

[Event "7. Arber-Senioren-Cup 2019"]
[Site "Bodenmais"]
[Date "2019.07.27"]
[Round "1.9"]
[White "Kuempers, Ulrich"]
[Black "Meckel, Helmut"]
[Result "1-0"]
[WhiteElo "2030"]
[BlackElo "1804"]
[Annotator "NA RC"]
[PlyCount "53"]
[EventDate "2019.07.27"]
[EventType "swiss"]
[EventCountry "GER"]
[SourceTitle "playchess.com"]
[Source "ChessBase"]
[SourceQuality "1"]
[TimeControl "5400+30"]

1. d4 {[%emt 0:00:00]} e6 {[%emt 0:00:00]} 2. c4 {[%emt 0:00:00]} f5 {[%emt 0:00:00]} 3. Nf3 {[%emt 0:00:00]} Nf6 {[%emt 0:00:00]} 4. Nc3 {[%emt 0:00:00]} Be7 {[%emt 0:00:00]} 5. Bf4 {[%emt 0:00:00]} d6 {[%emt 0:00:00]} 6. e3 {[%emt 0:00:00]} O-O {[%emt 0:00:00]} 7. h3 {[%emt 0:00:00]} Qe8 {[%emt 0:00:00]} 8. Bd3 {[%emt 0:00:00]} Qh5 {[%emt 0:00:00]} 9. Qe2 {[%emt 0:00:00]} Bd7 {[%emt 0:00:00]} 10. O-O-O {[%emt 0:00:00]} Bc6 {[%emt 0:00:00]} 11. d5 {[%emt 0:00:00]} exd5 {[%emt 0:00:00]} 12. cxd5 {[%emt 0:00:00]} Bd7 {[%emt 0:00:00]} 13. g4 {[%emt 0:00:00]} Qf7 {[%emt 0:00:00]} 14. Ng5 {[%emt 0:00:00]} Qg6 {[%emt 0:00:00]} 15. Rdg1 {[%emt 0:00:00]} Ne8 {[%emt 0:00:00]} 16. gxf5 {[%emt 0:00:00]} Bxf5 {[%emt 0:00:00]} 17. e4 {[%emt 0:00:00]} Bd7 {[%emt 0:01:42]} 18. Be3 {[%emt 0:18:47]} Bxg5 {[%emt 0:08:10]} 19. Rxg5 {[%emt 0:00:29]} Qf6 {[%emt 0:02:35]} 20. f4 {[%emt 0:04:07]} h6 {[%emt 0:00:46]} 21. e5 {[%emt 0:11:10]} dxe5 {[%emt 0:01:13]} 22. Rg6 {[%emt 0:01:35]} Qe7 {[%emt 0:05:32]} 23. Qh5 {[%emt 0:09:05]} exf4 {[%emt 0:16:01]} 24. Bd4 {[%emt 0:01:06]} Qf7 {[%emt 0:00:29]} 25. Qxh6 {[%emt 0:07:56]} Bf5 {[%emt 0:00:30]} 26. Bxf5 {[%emt 0:00:18]} Qxf5 {[%emt 0:00:16]} 27. Rxg7+ {[%emt 0:00:14]} 1-0

[Event "7. Arber-Senioren-Cup 2019"]
[Site "Bodenmais"]
[Date "2019.07.27"]
[Round "1.10"]
[White "Boldt, Heinrich"]
[Black "Korte, Markus"]
[Result "1/2-1/2"]
[WhiteElo "1803"]
[BlackElo "2028"]
[Annotator "NA RC"]
[PlyCount "90"]
[EventDate "2019.07.27"]
[EventType "swiss"]
[EventCountry "GER"]
[SourceTitle "playchess.com"]
[Source "ChessBase"]
[SourceQuality "1"]
[TimeControl "5400+30"]

1. d4 {[%emt 0:00:00]} d5 {[%emt 0:00:00]} 2. Bf4 {[%emt 0:00:00]} Nf6 {[%emt 0:00:00]} 3. Nf3 {[%emt 0:00:00]} Bf5 {[%emt 0:00:00]} 4. e3 {[%emt 0:00:00]} e6 {[%emt 0:00:00]} 5. Bd3 {[%emt 0:00:00]} Ne4 {[%emt 0:00:00]} 6. O-O {[%emt 0:00:00]} Nd7 {[%emt 0:00:00]} 7. Ne5 {[%emt 0:00:00]} Be7 {[%emt 0:00:00]} 8. f3 {[%emt 0:00:00]} Nd6 {[%emt 0:00:00]} 9. Bxf5 {[%emt 0:00:00]} exf5 {[%emt 0:00:00]} 10. Nc3 {[%emt 0:00:00]} c6 {[%emt 0:00:00]} 11. Qd3 {[%emt 0:00:00]} O-O {[%emt 0:00:00]} 12. Nxd7 {[%emt 0:00:00]} Qxd7 {[%emt 0:00:00]} 13. Rae1 {[%emt 0:00:00]} Nc4 {[%emt 0:00:00]} 14. Nd1 {[%emt 0:00:00]} Bd6 {[%emt 0:01:07]} 15. b3 {[%emt 0:03:32]} Bxf4 {[%emt 0:08:36]} 16. exf4 {[%emt 0:06:51]} Nd6 {[%emt 0:01:42]} 17. Re3 {[%emt 0:04:35]} Rfe8 {[%emt 0:04:59]} 18. Rfe1 {[%emt 0:00:25]} Rxe3 {[%emt 0:00:19]} 19. Rxe3 {[%emt 0:00:55]} Re8 {[%emt 0:04:41]} 20. Qe2 {[%emt 0:00:52]} Kf8 {[%emt 0:06:00]} 21. Rxe8+ {[%emt 0:01:00]} Nxe8 {[%emt 0:02:24]} 22. Qe5 {[%emt 0:05:14]} Nd6 {[%emt 0:07:08]} 23. Kf2 {[%emt 0:06:41]} b6 {[%emt 0:06:40]} 24. a4 {[%emt 0:05:29]} f6 {[%emt 0:06:08]} 25. Qe2 {[%emt 0:07:42]} Kf7 {[%emt 0:08:18]} 26. Qd3 {[%emt 0:01:47]} g6 {[%emt 0:01:26]} 27. Nc3 {[%emt 0:03:51]} Ne8 {[%emt 0:01:46]} 28. g3 {[%emt 0:01:56]} Nc7 {[%emt 0:00:34]} 29. Na2 {[%emt 0:13:23]} Qd6 {[%emt 0:03:09]} 30. Qc3 {[%emt 0:08:07]} c5 {[%emt 0:02:23]} 31. Nc1 {[%emt 0:06:48]} Ne6 {[%emt 0:03:41]} 32. dxc5 {[%emt 0:02:53]} bxc5 {[%emt 0:00:18]} 33. Nd3 {[%emt 0:00:48]} Qb6 {[%emt 0:04:46]} 34. Kg2 {[%emt 0:02:29]} Kg7 {[%emt 0:07:02]} 35. h4 {[%emt 0:00:46]} Qc7 {[%emt 0:06:13]} 36. Kf2 {[%emt 0:02:38]} Qe7 {[%emt 0:04:24]} 37. Qe1 {[%emt 0:03:22]} c4 {[%emt 0:03:33]} 38. bxc4 {[%emt 0:04:18]} dxc4 {[%emt 0:00:14]} 39. Qb4 {[%emt 0:00:28]} Qc7 {[%emt 0:01:08]} 40. Nb2 {[%emt 0:01:04]} Qd7 {[%emt 0:03:00]} 41. Qxc4 {[%emt 0:04:19]} Qd2+ {[%emt 0:00:52]} 42. Qe2 {[%emt 0:02:59]} Qd4+ {[%emt 0:00:53]} 43. Kf1 {[%emt 0:00:56]} Qxb2 {[%emt 0:01:01]} 44. Qxe6 {[%emt 0:00:14]} Qa1+ 45. Qe1 Qxa4 1/2-1/2

[Event "7. Arber-Senioren-Cup 2019"]
[Site "Bodenmais"]
[Date "2019.07.27"]
[Round "1.11"]
[White "Augustin, Christian"]
[Black "Schuster, Herbert"]
[Result "1-0"]
[WhiteElo "1971"]
[BlackElo "1774"]
[Annotator "NA RC"]
[PlyCount "65"]
[EventDate "2019.07.27"]
[EventType "swiss"]
[EventCountry "GER"]
[SourceTitle "playchess.com"]
[Source "ChessBase"]
[SourceQuality "1"]
[TimeControl "5400+30"]

1. d4 {[%emt 0:00:00]} d5 {[%emt 0:00:00]} 2. Nf3 {[%emt 0:00:00]} Bf5 {[%emt 0:00:00]} 3. e3 {[%emt 0:00:00]} e6 {[%emt 0:00:00]} 4. c4 {[%emt 0:00:00]} Bb4+ {[%emt 0:00:00]} 5. Nc3 {[%emt 0:00:00]} c6 {[%emt 0:00:00]} 6. cxd5 {[%emt 0:00:00]} Bxc3+ {[%emt 0:00:00]} 7. bxc3 {[%emt 0:00:00]} exd5 {[%emt 0:00:00]} 8. Bd3 {[%emt 0:00:00]} Bxd3 {[%emt 0:00:00]} 9. Qxd3 {[%emt 0:00:00]} Nd7 {[%emt 0:00:00]} 10. O-O {[%emt 0:00:00]} Ne7 {[%emt 0:00:00]} 11. Rb1 {[%emt 0:00:00]} b5 {[%emt 0:00:00]} 12. e4 {[%emt 0:00:00]} Nf6 {[%emt 0:00:00]} 13. exd5 {[%emt 0:00:00]} Qxd5 {[%emt 0:00:00]} 14. Re1 {[%emt 0:00:00]} Qd8 {[%emt 0:00:00]} 15. Ba3 {[%emt 0:00:00]} Nfd5 {[%emt 0:00:00]} 16. Qe4 {[%emt 0:00:00]} Kf8 {[%emt 0:00:00]} 17. Rb2 {[%emt 0:06:20]} b4 {[%emt 0:00:00]} 18. Bxb4 {[%emt 0:02:26]} Nxb4 {[%emt 0:00:00]} 19. Rxb4 {[%emt 0:00:08]} Qc7 {[%emt 0:00:00]} 20. Reb1 {[%emt 0:04:51]} f6 {[%emt 0:00:00]} 21. Rb7 {[%emt 0:01:44]} Qd6 {[%emt 0:00:00]} 22. c4 {[%emt 0:05:49]} Re8 {[%emt 0:00:00]} 23. Re1 {[%emt 0:00:41]} c5 {[%emt 0:00:00]} 24. d5 {[%emt 0:01:29]} g6 {[%emt 0:00:00]} 25. Qe6 {[%emt 0:01:37]} Qxe6 {[%emt 0:00:00]} 26. Rxe6 {[%emt 0:00:08]} Ng8 {[%emt 0:00:00]} 27. Rxe8+ {[%emt 0:01:53]} Kxe8 {[%emt 0:00:00]} 28. Rxa7 {[%emt 0:00:20]} Kd8 {[%emt 0:00:00]} 29. d6 {[%emt 0:00:33]} Kc8 {[%emt 0:00:35]} 30. d7+ {[%emt 0:01:11]} Kd8 {[%emt 0:00:26]} 31. Nd2 {[%emt 0:00:20]} Ke7 {[%emt 0:01:10]} 32. Ne4 {[%emt 0:00:32]} f5 {[%emt 0:02:17]} 33. Nxc5 {[%emt 0:00:34]} 1-0